ბათუმის შოთა რუსთაველის სახელმწიფო უნივერსიტეტის ბიბლიოთეკა

შემოდგომის ლეგენდა 2009: აღმოაჩინე იყალთო შენში: ახალი სახეები, ახალი სახელები, შენი ხელწერა: სტუდენტური ლიტერატურული კონკურსი: 5 წლის საიუბილეო გამოცემა (2009-2013 / (ბიბ.ჩანაწერი № 45478)

000 -ლიდერი
ფიქსირებული სიგრძის საკონტროლო ველი 02409nam a2200277Ia 4500
001 - საკონტროლო ნომერი
საკონტროლო ველი 12303
003 - საკონტროლო ნომრის იდენტიფიკატორი
საკონტროლო ველი GE_BSU
005 - ბოლო ოპერაციის თარიღი და დრო
საკონტროლო ველი 20240709120308.0
008 - ფიქსირებული სიგრძის მონაცემთა ელემენტები - ზოგადი ინფორმაცია
ფიქსირებული სიგრძის საკონტროლო ველი 181216s2013||||ge |||||||||||||| ||geo||
040 ## - კატალოგიზაციის წყარო
Transcribing agency GE_BSU
041 ## - ენის კოდი
Language code of text/sound track or separate title geo
080 ## - უნივერსალური ათობითი კლასიფიკაციის ინდექსი
Universal Decimal Classification number 821.353.1-3 შ-47
245 ## - ცნობა სათაურის შესახებ
Title შემოდგომის ლეგენდა 2009: აღმოაჩინე იყალთო შენში: ახალი სახეები, ახალი სახელები, შენი ხელწერა: სტუდენტური ლიტერატურული კონკურსი: 5 წლის საიუბილეო გამოცემა (2009-2013 /
Statement of responsibility, etc სალომე მხეიძე, დავით გორგილაძე, მარიამ ტაბაღუა ; იდეის ავტორი ნინო კალანდია ; რედაქტორი ქეთევან გაბოშვილი.
264 ## - წარმოების, გამოცემის, დისტრიბუციის და სხვა ცნობები
გამოცემის, წარმოების, დისტრიბუციის... ადგილი თბილისი :
გამოცემის, წარმოების, დისტრიბუციის... სახელწოდება თსუ,
გამოცემის, წარმოების, დისტრიბუციის... თარიღი 2013.
300 ## - ფიზიკური აღწერა
Extent 24 გვ. :
Other physical details ილ. ;
Dimensions 20 სმ.
500 ## - ზოგადი შენიშვნა
General note ივანე ჯავახიშვილის სახელობის თბილისის სახელმწიფო უნივერსიტეტისა და კომპანია "ჯეოსელის" ერთობლივი პროექტი
520 ## - SUMMARY, ETC.
Summary, etc ივ.ჯავახიშვილის სახ.თბილისის სახ.უნ-ტის და კომპანია ჯეოსელის ერთობლივი პროექტი.სტუდენტური ლიტ-ული კონკურსი შემოდგომის ლეგენდა 5წ. საუბილეიო გამოცემა 2009-2013.
653 ## - INDEX TERM--UNCONTROLLED
Uncontrolled term შემოდგომის ლეგენდა 2009
653 ## - INDEX TERM--UNCONTROLLED
Uncontrolled term პაემანი
700 ## - ADDED ENTRY--PERSONAL NAME
Personal name მხეიძე, სალომე
Relator term ავტორი
9 (RLIN) 22774
700 ## - ADDED ENTRY--PERSONAL NAME
Personal name გორგილაძე, დავით
Relator term ავტორი
9 (RLIN) 22775
700 ## - ADDED ENTRY--PERSONAL NAME
Personal name ტაბაღუა, მარიამ
Relator term ავტორი
9 (RLIN) 22776
700 ## - ADDED ENTRY--PERSONAL NAME
Personal name კალანდია, ნინო
Relator term იდეის ავტორი
9 (RLIN) 12723
700 ## - ADDED ENTRY--PERSONAL NAME
Personal name გაბოშვილი, ქეთევან
Relator term რედაქტორი
9 (RLIN) 22777
942 ## - ADDED ENTRY ELEMENTS (KOHA)
Koha item type წიგნი
Source of classification or shelving scheme
ეგზემპლარები
ჩამოწერის სტატუსი დაკარგული ეგზემპლარის სტატუსი კლასიფიკაციის წყარო ან თაროზე გაწყობის სქემა დაზიანების სტატუსი არ გაიცემა მუდმივი მდებარეობა (დაცვის ადგილი) ამჟამინდელი ადგილსამყოფელი თაროზე განთავსების ადგილი შეძენის თარიღი სრული შენახვის შიფრი შტრიხკოდი ბოლო ოპერაციის თარიღი ეგზემპლარის მიმდევრობითი ნომერი (კეტერი?) ფასის ძალაში შესვლის თარიღი ეგზემპლარის სახეობა
          ბათუმის შოთა რუსთაველის სახელმწიფო უნივერსიტეტის მთავარი ბიბლიოთეკა ბათუმის შოთა რუსთაველის სახელმწიფო უნივერსიტეტის მთავარი ბიბლიოთეკა წიგნსაცავი 2018-12-17 821.353.1-3 შ-47 27105 2018-12-17 27105 2018-12-17 წიგნი